|
|
|
|
| LEADER |
01128nam a22002773u 4500 |
| 001 |
10104021 |
| 003 |
upatras |
| 005 |
20210413111459.0 |
| 008 |
991022s1995 gre |
| 040 |
|
|
|a Βιβλιοθήκη ΕΑΙΤΥ
|c Βιβλιοθήκη ΕΑΙΤΥ
|
| 041 |
0 |
|
|a gre
|
| 245 |
1 |
0 |
|a Γενική επισκόπιση του προβλήματος range searching
|b Διπλωματική εργασία.
|
| 260 |
|
|
|a Πάτρα
|b Τμημα Η/Υ. Πτυχιακές Εργασίες.
|c 1995
|
| 650 |
|
4 |
|a COLORS
|9 121042
|
| 650 |
|
4 |
|a COMPUTATIONAL GEOMETRY
|9 114021
|
| 650 |
|
4 |
|a Έρευνα
|9 848
|
| 650 |
|
4 |
|a ΕΡΕΥΝΑ ΠΕΡΙΟΧΗΣ
|9 121044
|
| 650 |
|
4 |
|a ΠΤΥΧΙΑΚΗ ΕΡΓΑΣΙΑ 1995
|9 120649
|
| 650 |
|
4 |
|a ΥΠΟΛΟΓΙΣΤΙΚΗ ΓΕΩΜΕΤΡΙΑ
|9 120123
|
| 650 |
|
4 |
|a ΧΡΩΜΑΤΑ
|9 3496
|
| 700 |
1 |
|
|a Τερζής, Ανδρέας
|4 aut
|9 121045
|
| 700 |
1 |
|
|a Τσακαλίδης, Αθανάσιος
|9 38967
|
| 852 |
|
|
|a GR-PaULI
|b ΠΑΤΡΑ
|b ΤΜΗΥΠ
|t 1
|
| 942 |
|
|
|2 ddc
|
| 952 |
|
|
|0 0
|1 0
|4 0
|7 0
|9 133130
|a CEID
|b CEID
|d 2016-04-24
|l 0
|r 2016-04-24 00:00:00
|t 1
|w 2016-04-24
|
| 999 |
|
|
|c 87214
|d 87214
|